ՀՀ Գիտությունների ազգային ակադեմիայի հիմնարար գիտական գրադարան  =   Fundamental Scientific Library of NAS RA

Биологическая дифференциация популяций весенне-нерестующих рыб Куйбышевского водохранилища / (Record no. 365694)

MARC details
000 -LEADER
fixed length control field 00868nam a2200205 a 4500
001 - CONTROL NUMBER
control field 001140003
003 - CONTROL NUMBER IDENTIFIER
control field AM-YeHGA
005 - DATE AND TIME OF LATEST TRANSACTION
control field 20250617152155.0
008 - FIXED-LENGTH DATA ELEMENTS--GENERAL INFORMATION
fixed length control field 160406s1976 ||| r 000 0 rus d
040 ## - CATALOGING SOURCE
Original cataloging agency AM-YeHGA
041 0# - LANGUAGE CODE
Language code of text/sound track or separate title rus
090 ## - LOCALLY ASSIGNED LC-TYPE CALL NUMBER (OCLC); LOCAL CALL NUMBER (RLIN)
-- 367556
100 1# - MAIN ENTRY--PERSONAL NAME
Personal name Лукин, Александр Владимирович
245 10 - TITLE STATEMENT
Title Биологическая дифференциация популяций весенне-нерестующих рыб Куйбышевского водохранилища /
Statement of responsibility, etc. А.В. Лукин, Н.Н. Данилов, К.П. Тихонов.
260 ## - PUBLICATION, DISTRIBUTION, ETC.
Place of publication, distribution, etc. Казань :
Name of publisher, distributor, etc. Изд-во Казан. ун-та,
Date of publication, distribution, etc. 1976.
300 ## - PHYSICAL DESCRIPTION
Extent 77 с. :
Other physical details граф.
653 0# - INDEX TERM--UNCONTROLLED
Uncontrolled term Рыбы - Популяции - Куйбышевское водохранилище
700 1# - ADDED ENTRY--PERSONAL NAME
Personal name Данилов, Н.Н.
700 1# - ADDED ENTRY--PERSONAL NAME
Personal name Тихонов, К.П.
Holdings
Withdrawn status Lost status Damaged status Not for loan Collection Home library Current library Date acquired Total checkouts Full call number Barcode Date last seen Price effective from Koha item type Public note
        General Fundamental Scientific Library Fundamental Scientific Library 11/01/2017   РII/393040 FL0391610 11/01/2017 11/01/2017 Գրքեր / Books 30 Days Loan


ՀՀ ԳԱԱ հիմնարար գիտական գրադարան
ՀՀ,Երևան 0019
Մարշալ Բաղրամյան 24/6
հեռախոս:(374-10) 52-47-50
Հետադարձ կապ

All site content, except where otherwise noted, is licensed under a
Creative Commons License